• 首页
  • 本馆介绍
  • 公告通知
  • 最新文献
  • 馆藏检索
  • 电子资源
  • 读者导购
  • 参考咨询
  • 我的图书馆
  • 登录
  • 详细信息显示
  • 放入我的书架
  • 预约/预借图书
  • 作者相关作品
  • 分类相关作品
  • 丛书相关作品
  • 出版社相关作品

书目信息

  • 表格格式
  • 工作单格式
  • 卡片格式
题名:
农业昆虫学
    
 
作者: ;西北农学院农业昆虫学教研组 编
分册: 下册  
出版信息: 北京   人民教育出版社  1978
页数: 274页
开本: 26cm
丛书名:
单 册:
中图分类: S186
科图分类:
主题词: 昆虫学:农业科学 , 农业科学:昆虫学
电子资源:
ISBN:
000 00706nam0 2200241 45
001 0178000153
005 20060820145332.64
010    @dCNY1.60
091    @a16012.06
100    @a19950802d1978 em y0chiy0121 ea
101 0  @achi
102    @aCN@b110000
105    @af z 000yy
200 10 @a农业昆虫学@Anong ye kun chong xue@h下册@f西北农学院农业昆虫学教研组编
210    @a北京@c人民教育出版社@d1978
215    @a274页@c图@d26cm
606    @a昆虫学:农业科学
606    @a农业科学:昆虫学
610 0  @a农业@a昆虫
690    @aS186@v3
711 02 @a西北农学院农业昆虫学教研组@Axi bei nong xue yuan nong ye kun chong xue jiao yan zu@4编
801  0 @aCN@bTSSF@c20060820
905    @a10447@dS186@e50:2
    
    农业昆虫学.下册/西北农学院农业昆虫学教研组编.-北京:人民教育出版社,1978
    274页:图;26cm
    
    
    ISBN :CNY1.60
    
●
相关链接 在E读中查询图书 在五车中查询图书 在当当中查询图书 在豆瓣中查询图书


正题名:农业昆虫学     索取号:S186/50:2         预约/预借

序号 登录号 条形码 馆藏地/架位号 状态 备注
1 0470374   204703749   密集书库/ [索取号:S186/50:2] 在馆    
2 0470375   204703758   密集书库/ [索取号:S186/50:2] 在馆    
3 0470376   204703767   密集书库/ [索取号:S186/50:2] 在馆    
唐山师范学院图书馆 欢迎您!
大连网信软件有限公司© 版权所有